| 000 | 00557nam a22001817a 4500 | ||
|---|---|---|---|
| 999 |
_c17215 _d17215 |
||
| 003 | AR-CdUCM | ||
| 008 | 190507b ||||| |||| 00| 0 spa d | ||
| 040 |
_aMUNICIPALIDAD PROVINCIAL DEL CUSCO _cBIBLIOTECA MUNICIPAL DEL CUSCO |
||
| 082 |
_a987.041 / _bC86 |
||
| 100 |
_aGrisanti, Angel. _936446 |
||
| 245 | _aEl archibo del libertador / | ||
| 260 |
_aCaracas : _bImprenta nacional, _c1956. |
||
| 300 |
_a99 páginas ; _c24 cm. |
||
| 650 |
_aCaracas - Venezuela. _937096 |
||
| 650 |
_aLibertador. _911412 |
||
| 942 |
_2ddc _cLIBROS |
||
| 945 |
_arum _d2019-05-07 |
||